000 00737cam a2200205 4500
035 _aBIIH003969
440 3 _aEl pasado y el presente
001 BIIH003969
008 s1996 mx spa
020 _a9688592641
050 0 0 _aHD9506 .M4
_bP47 1996
100 1 _aPérez Rosales, Laura
245 1 0 _aMinería y sociedad en Taxco durante el siglo XVIII /
_cLaura Pérez Rosales.
260 _aMéxico :
_bUniversidad Iberoaméricana, Departamento de Historia,
_c1996.
300 _a234 p. ;
_c21 cm.
504 _aBibliografía: p. 231-234
650 4 _aMinas y riquezas minerales
_zMéxico
_zTaxco, Guerrero
_xHistoria
650 0 _aIndustria minera
_zMéxico
_zTaxco, Guerrero
_xHistoria
942 _2lcc
_cLIB
999 _c66854
_d66854